Journal of interdisciplinary philology

Podrobná bibliografia
Ďalší autori: Hlavňová, Anna, 1946- (Šéfredaktor, zodpovedný redaktor), Kráľová, Zdena, 1971- (Editor), Polok, Krzysztof (Editor)
Médium: Časopis
Jazyk:angličtina
Fyzický popis:zv. 24 cm
Vydavateľské údaje: Žilina Faculty of Science, University of Zilina 2010-
Žilina Faculty of Humanities, University of Žilina
ISSN:1338-0591
Predmet:
On-line prístup:http://www.fpv.uniza.sk/jip

MARC

LEADER 00000cas a2200000 a 4500
001 vtls010100807
003 SK-MaSNL
005 20260228160004.0
008 100528c20109999xo fr|p 0 a0eng
022 |a 1338-0591 
040 |a SVKBB  |b slo  |c SVKBB  |d SAVUK  |d SNK  |e AACR2 
041 0 |a eng 
044 |a xo  |c SK 
072 7 |a 80  |x Filológia  |2 konspekt 
080 |a 80  |2 2011 
080 |a 001(051)  |2 2011 
080 |a 050  |2 2011 
210 0 |a J. interdisciplinary philology 
222 0 |a Journal of interdisciplinary philology 
245 0 0 |a Journal of interdisciplinary philology 
260 |a Žilina  |b Faculty of Science, University of Zilina  |c 2010- 
260 3 |3 1/2012-  |a Žilina  |b Faculty of Humanities, University of Žilina 
300 |a zv.  |c 24 cm 
310 |a 2x ročne 
362 0 |a Vol. 1, issue 1 (2010)- 
500 |a Šéfredaktor: 1/2010, Anna Hlavnova 
500 |a Evidenčné č. MK SR: EV 3864/09 
500 |a Editor: 2/2010-2/2014, Zdena Kráľová ; 1/2015- , Krzysztof Polok 
500 |a R. 2015 má chybne označený roč. 1, má byť roč. 6 
650 0 7 |a filológia  |2 SNKPH  |9 861 
650 0 7 |a Philology  |2 SNKPHeng  |9 265714 
655 7 |a vedecké časopisy  |2 SNKPH  |9 70520 
655 7 |a Scientific journals  |2 SNKPHeng  |9 265227 
700 1 |a Hlavňová, Anna,  |d 1946-  |4 pbd  |9 9019 
700 1 |a Kráľová, Zdena,  |d 1971-  |4 edt  |9 218003 
700 1 |a Polok, Krzysztof  |4 edt  |9 265715 
710 2 |a Žilinská univerzita v Žiline.  |b Fakulta prírodných vied  |4 pbl  |9 176459 
710 2 |a Žilinská univerzita v Žiline.  |b Fakulta humanitných vied  |4 pbl  |9 151522 
852 |a Štátna vedecká knižnica v Banskej Bystrici 
856 4 1 |u http://www.fpv.uniza.sk/jip 
910 |a savuk 
910 |a snk 
916 |a 2010-2013, 2014-2017 
999 |c 1063  |d 2993 
952 |0 0  |1 0  |4 0  |7 0  |8 0  |a SNK  |b SNK  |d 2016-05-18  |f 1  |i snk2016/12909  |l 0  |o snkČSC 3535/5/2014  |p 17A1099866  |r 2026-02-21 19:44:07  |t č. 1-2  |w 2026-02-21  |y PREZ 
952 |0 0  |1 0  |4 0  |7 0  |8 0  |a SNK  |b SNK  |d 2016-05-18  |f 1  |i snk2016/12915  |l 0  |o snkČSC 3535/1[6]/2015  |p 17A1099878  |r 2026-02-21 20:31:48  |t č. 1-2  |w 2026-02-21  |y PREZ 
952 |0 0  |1 0  |4 0  |7 0  |8 0  |a SNK  |b SNK  |d 2016-05-18  |i snk2016/12918  |l 0  |o snkČSC 3535/5/2014 D1  |p 17A1099879  |r 2026-02-21 20:31:48  |t č. 1-2  |w 2026-02-21  |y PREZ 
952 |0 0  |1 0  |4 0  |7 0  |8 0  |a SNK  |b SNK  |d 2014-02-05  |f 1  |i snk2014/3571  |l 0  |o snkČSC 3535/1/2010  |p 17A0859166  |r 2026-02-21 20:32:01  |t č. 1-2  |w 2026-02-21  |y PREZ 
952 |0 0  |1 0  |4 0  |7 0  |8 0  |a SNK  |b SNK  |d 2014-02-05  |i snk2014/3574  |l 0  |o snkČSC 3535/1/2010 D1  |p 17A0859167  |r 2026-02-21 20:32:01  |t č. 1-2  |w 2026-02-21  |y PREZ 
952 |0 0  |1 0  |4 0  |7 0  |8 0  |a SNK  |b SNK  |d 2014-02-05  |f 1  |i snk2014/3578  |l 0  |o snkČSC 3535/2/2011  |p 17A0859169  |r 2026-02-21 20:32:01  |t č. 1-2  |w 2026-02-21  |y PREZ 
952 |0 0  |1 0  |4 0  |7 0  |8 0  |a SNK  |b SNK  |d 2014-02-05  |i snk2014/3583  |l 0  |o snkČSC 3535/2/2011 D1  |p 17A0859170  |r 2026-02-21 20:32:01  |t č. 1-2  |w 2026-02-21  |y PREZ 
952 |0 0  |1 0  |4 0  |7 0  |8 0  |a SNK  |b SNK  |d 2014-02-05  |f 1  |i snk2014/3587  |l 0  |o snkČSC 3535/3/2012  |p 17A0859171  |r 2026-02-21 20:32:01  |t č. 1-2  |w 2026-02-21  |y PREZ 
952 |0 0  |1 0  |4 0  |7 0  |8 0  |a SNK  |b SNK  |d 2014-02-05  |i snk2014/3595  |l 0  |o snkČSC 3535/3/2012 D1  |p 17A0859172  |r 2026-02-21 20:32:01  |t č. 1-2  |w 2026-02-21  |y PREZ 
952 |0 0  |1 0  |4 0  |7 0  |8 0  |a SNK  |b SNK  |d 2019-10-23  |i snk2019/27072  |l 0  |o snkČSC 3535/7/2016 D1  |p 17A1384432  |r 2026-02-21 20:59:39  |t č. 1-2  |w 2026-02-21  |y PREZ 
952 |0 0  |1 0  |4 0  |7 0  |8 0  |a SNK  |b SNK  |d 2019-10-23  |i snk2019/27071  |l 0  |o snkČSC 3535/1[6]/2015 D1  |p 17A1384431  |r 2026-02-21 20:59:40  |t č. 1-2  |w 2026-02-21  |y PREZ 
952 |0 0  |1 0  |4 0  |7 0  |8 0  |a SNK  |b SNK  |d 2019-10-23  |i snk2019/27073  |l 0  |o snkČSC 3535/8/2017 D1  |p 17A1384433  |r 2026-02-21 20:59:40  |t č. 1-2  |w 2026-02-21  |y PREZ 
952 |0 0  |1 0  |4 0  |7 0  |8 0  |a SNK  |b SNK  |d 2015-05-22  |f 1  |i snk2015/16392  |l 0  |o snkČSC 3535/4/2013  |p 17A1096618  |r 2026-02-21 21:34:51  |t č. 1-2  |w 2026-02-21  |y PREZ 
952 |0 0  |1 0  |4 0  |7 0  |8 0  |a SNK  |b SNK  |d 2015-05-22  |i snk2015/16393  |l 0  |o snkČSC 3535/4/2013 D1  |p 17A1096619  |r 2026-02-21 21:34:51  |t č. 1-2  |w 2026-02-21  |y PREZ 
952 |0 0  |1 0  |4 0  |7 0  |8 0  |a SNK  |b SNK  |d 2019-10-23  |f 1  |i snk2019/27069  |l 0  |o snkČSC 3535/7/2016  |p 17A1384429  |r 2026-02-21 22:00:27  |t č. 1-2  |w 2026-02-21  |y PREZ 
952 |0 0  |1 0  |4 0  |7 0  |8 0  |a SNK  |b SNK  |d 2019-10-23  |f 1  |i snk2019/27070  |l 0  |o snkČSC 3535/8/2017  |p 17A1384430  |r 2026-02-21 22:00:27  |t č. 1-2  |w 2026-02-21  |y PREZ